Conversaciones en Limón: la mujer y la tradición cultural /
محفوظ في:
| المؤلف الرئيسي: | |
|---|---|
| التنسيق: | نص |
| الوسوم: |
إضافة وسم
لا توجد وسوم, كن أول من يضع وسما على هذه التسجيلة!
|
MARC
| LEADER | 00000 a a2200000 04500 | ||
|---|---|---|---|
| 001 | 1767 | ||
| 003 | |||
| 040 | |||
| 100 | |a Soley, Rosa María | ||
| 245 | |a Conversaciones en Limón: |b la mujer y la tradición cultural / |c Rosa María Soley | ||
| 773 | |g volumen 8, número 49; páginas 17-18 | ||
| 999 | |c 34631 |d 34631 | ||
